Normal view
MARC view
- WIRELESS COMMUNICATION.MOBILE NETWORK ARCHITECTURES
Entry Topical Term
001 - CONTROL NUMBER
- control field: 56385
003 - CONTROL NUMBER IDENTIFIER
- control field: NUST
005 - DATE AND TIME OF LATEST TRANSACTION
- control field: 20210628201708.0
008 - FIXED-LENGTH DATA ELEMENTS
- fixed length control field: 210628|| aca||aabn | a|a d
040 ## - CATALOGING SOURCE
- Original cataloging agency: NUST
- Transcribing agency: NUST
150 ## - HEADING--TOPICAL TERM
- Topical term or geographic name entry element: WIRELESS COMMUNICATION.MOBILE NETWORK ARCHITECTURES
670 ## - SOURCE DATA FOUND
- Source citation: Work cat.: (NUST): Lin, Yi-Bing ,Chlamtac, Imrich 56384, Wireless and mobile network architectures, 2001
